Zwischen Magie und Wissenschaft : Ärzte und Heilkunst in den Papyri aus Ägypten /

محفوظ في:

مؤلف مشترك: Österreichische Nationalbibliothek.

مؤلفون آخرون: Froschauer, Harald., Römer, Cornelia.

التنسيق: كتاب

اللغة: German

منشور في: Wien : Phoibos, 2009.

الطبعة: 2., korrigierte Auflage.

سلاسل: Nilus ; 13.

الموضوعات:

الوسوم: إضافة وسم

لا توجد وسوم, كن أول من يضع وسما على هذه التسجيلة!

رقم الطلب: R137 .Z95

LEADER 01278nam a22003377a 4500
003 OSt
005 20251124094604.0
008 251124t2009 au a bc 000 0 ger d
020 |a 9783851610116 
040 |c ARCE Library 
050 1 4 |a R137  |b .Z95 
245 0 0 |a Zwischen Magie und Wissenschaft :   |b Ärzte und Heilkunst in den Papyri aus Ägypten /   |c herausgegeben von Harald Froschauer und Cornelia Römer. 
250 |a 2., korrigierte Auflage. 
264 1 |a Wien :   |b Phoibos,   |c 2009. 
300 |a vii, 139 p. :   |b ill. (some col.) ;   |c 25 cm. 
336 |2 rdacontent  |a text  |b txt 
337 |2 rdamedia  |a unmediated  |b n 
338 |2 rdacarrier  |a volume  |b n 
490 0 |a Nilus ;   |v 13. 
500 |a Catalog of an exhibition held Mar. 30-Oct. 31, 2007 at the Papyrusmuseum der Österreichischen Nationalbibliothek. 
504 |a Includes bibliographical references. 
546 |a Contributions in German and English. 
650 0 |a Medicine, Ancient -- Egypt -- Sources -- Exhibitions. 
650 0 |a Medicine, Egyptian -- Sources -- Exhibitions. 
650 0 |a Physicians -- Egypt -- History. 
700 1 |a Froschauer, Harald. 
700 1 |a Römer, Cornelia. 
710 2 |a Österreichische Nationalbibliothek. 
901 |a reviewed 
942 |2 lcc  |c BK 
999 |c 49237  |d 49237